Materská škôlka

Saved in:
Bibliographic Details
Main Author: Krupčiaková, Izabella (Author)
Other Authors: Palko, Milan (Thesis advisor)
Format: Manuscript Book
Language:Slovak
Published: 2024
Subjects:
Online Access:http://is.stuba.sk/zp/portal_zp.pl?podrobnosti=175875
https://opac.crzp.sk/?fn=detailBiblioForm&sid=2AE6DDBEFC900DBBA652A53C8A40
Tags: Add Tag
No Tags, Be the first to tag this record!

MARC

LEADER 00000ntm a22000003a 4500
001 stuzp98932
003 SK-STU
005 20240924135825.5
007 ta
008 150427s2015----xo-----f-mn---000-0-slo-d
040 |a STU  |b slo 
041 0 |a slo 
100 1 |a Krupčiaková, Izabella  |u 010180  |4 aut  |U SvF Stavebná fakulta  |T SvF Katedra konštrukcií pozemných stavieb  |X 97583  |U V180  |Y 18  |7 97583 
242 0 1 |a Kindergarten  |y eng 
245 1 0 |a Materská škôlka 
260 |c 2024 
650 4 |a školské zariadenie  |2 slo 
650 4 |a materská škola  |2 slo 
650 4 |a projekt  |2 slo 
650 4 |a school facility  |2 eng 
650 4 |a kindergarten  |2 eng 
650 4 |a project  |2 eng 
700 1 |a Palko, Milan  |u 010180  |k Z1  |4 ths  |U SvF Stavebná fakulta  |T SvF Katedra konštrukcií pozemných stavieb  |X 2552  |U V180  |Y 18  |7 A000002552 
856 4 |u http://is.stuba.sk/zp/portal_zp.pl?podrobnosti=175875 
856 4 |u https://opac.crzp.sk/?fn=detailBiblioForm&sid=2AE6DDBEFC900DBBA652A53C8A40